| 000 | 029170000a22010450004500 | ||
|---|---|---|---|
| 003 | LK-CoMWRAF | ||
| 008 | 230817t ||||| |||| 00| 0 eng d | ||
| 040 |
_aLK-CoMWRAF _dLK-CoMWRAF _eLK-CoMWRAF |
||
| 041 | _aeng | ||
| 245 |
_aThe Muslim Women _b(Protection of Rights on Divorce) Act, 1986 |
||
| 260 |
_bAshoka Law House _aAllahabad _c1987 |
||
| 300 | _ap.167 | ||
| 650 | _aAdultery | ||
| 650 | _aAl Hadis | ||
| 650 | _aApostay | ||
| 650 | _aCaliphat | ||
| 650 | _aCommon civil code | ||
| 650 | _aConflicts of Law | ||
| 650 | _aConjugal Rights | ||
| 650 | _aConsumation | ||
| 650 | _aContemporary Law | ||
| 650 | _aDeath | ||
| 650 | _aDivorce | ||
| 650 | _aDivorce of Muslim Women | ||
| 650 | _aDivorced Women | ||
| 650 | _aFiqh | ||
| 650 | _aFull Dower | ||
| 650 | _aHambali School | ||
| 650 | _aHistoric background of Mohammedan Law | ||
| 650 | _aIjma | ||
| 650 | _aIjma | ||
| 650 | _aIslamic divorce Law | ||
| 650 | _aIslamic Marital Law - Nikah, Koran, Hadis, Hafafi Law, Presumptions, Sunnis | ||
| 650 | _aIsmailya School | ||
| 650 | _aIstihshan | ||
| 650 | _aJudicial determination | ||
| 650 | _aJurist Abu Hanifa | ||
| 650 | _aKabin Nama | ||
| 650 | _aKhul | ||
| 650 | _aKhul | ||
| 650 | _aKhul & divorce | ||
| 650 | _aLegislation on contract, Tort and Civil procedures and Criminal procedure | ||
| 650 | _aMahr or Dower | ||
| 650 | _aMaintenance | ||
| 650 | _aMarriage according to Muslim Law | ||
| 650 | _aMeaning of Islam | ||
| 650 | _aMission of Mohammedan as Prophet | ||
| 650 | _aMohammedan Law | ||
| 650 | _aMuslim - Meaning of | ||
| 650 | _aMuslim LawUmmayed Dynesty | ||
| 650 | _aMuslim Personal Law in India | ||
| 650 | _aMuslim sects | ||
| 650 | _aNikah | ||
| 650 | _aPersonal Law | ||
| 650 | _aPolygamy | ||
| 650 | _aPolygamy and Mohammedan Law | ||
| 650 | _aPosition of the husband | ||
| 650 | _aPrompt Dower | ||
| 650 | _aProper Dower | ||
| 650 | _aProvident Fund | ||
| 650 | _aPuberty | ||
| 650 | _aPunishment | ||
| 650 | _aQiyas | ||
| 650 | _aReligion | ||
| 650 | _aRe-marriage | ||
| 650 | _aRequisites of a Muslim | ||
| 650 | _aRights of Muslim Women | ||
| 650 | _aRules of Interpretation | ||
| 650 | _aSchools of Muslim Law | ||
| 650 | _aSecond Wife | ||
| 650 | _aSecular character of Islam | ||
| 650 | _aShafai Law | ||
| 650 | _aShafie Law | ||
| 650 | _aShariat Act | ||
| 650 | _aShariat Act | ||
| 650 | _aShia Law | ||
| 650 | _aShiya Law | ||
| 650 | _aShiya School | ||
| 650 | _aShiyas | ||
| 650 | _aSocial legislation to advance the cause of weaker section | ||
| 650 | _aSupercession of Personal Law | ||
| 650 | _aTalaq (Shia Law) | ||
| 650 | _aThe fourth Imam Ali Asghar Raidul Abdin | ||
| 650 | _aThe Holy Quran and Sunna | ||
| 650 | _aTwelve Imams | ||
| 650 | _aUnlawful | ||
| 650 | _aUrf | ||
| 700 |
_aBhatnagar,, J.P. _eed. |
||
| 942 | _cBK | ||
| 999 |
_c2371 _d2371 |
||